00965nam a22002657a 45000010005000000030006000050050017000110080041000280200018000690400029000870500015001160820008001311000028001392450110001672500041002772600034003183000046003525050007003985200158004055210018005635210018005816500030005996500040006297000030006697796FISKH20250828131210.0250807b cb ||||| |||| 00| 0 eng d a9780545208987 aFISKHbengcFISKHdFISKH aE155 .K226 a973 aKeenan, Sheilad(1953-) aGreetings from the 50 states :bHow they got their names /cBy Sheila Keenan ; Illustrated by Selina Alko aThis edition first published in 2009 aNew York :bScholastic,c2008 a112 pages :bcolor illustrations ;c28 cm aZ  aThe story behind each state's name and nickname is told in this informative book providing historical facts, fun trivia, and a helpful geography lesson. 8 a970 bLexile 8 aZ bRaz-Plus  2StatesaStates & Capitals 2Cities and StatesaHolland Gertrude aAlko, Selinadillustrator